| 000 | 00569nam a2200241Ia 4500 | ||
|---|---|---|---|
| 003 | OSt | ||
| 005 | 20221005131841.0 | ||
| 006 | a|||||r|||| 00| 0 | ||
| 007 | ta | ||
| 008 | 221004b |||||||| |||| 00| 0 guj d | ||
| 024 | _a46706 | ||
| 037 | _cTextual | ||
| 040 |
_aCRL _cCRL _bguj |
||
| 041 |
_2guj _aguj |
||
| 082 | _aO156,1N14x, H1 | ||
| 100 |
_aKolak _9227823 |
||
| 245 | 0 | _aSwati | |
| 260 | _c1941 | ||
| 300 |
_a126 _ccm. |
||
| 650 | _aGUJRATI LITERATURE | ||
| 942 |
_hO156,1N14x, H1 _cTEXL _2cc |
||
| 999 |
_c1061639 _d1061639 |
||